1119 1030 1887 1034 1371 1975 1958 1837 1651 1563 1311 1447 1872 1658 1017 1639 1265 1484 1175 1283 1002 1125 1059 1593 1729 1065 1544 1244 1614 1974 1769 1769 1282 1186 1771 1003 1726 1733 1090 1497 1482 1860 1073 1440 1006 1319 1026 1809 1340 1766 1463 1884 1897 1976 1943 1807 1034 1449 1771 1796 1303 1551 1202 1638 1355 1653 1171 1007 1153 1055 1456 1519 1529 1599 1858 1076 1510 1490 1988 1253 1530 1160 1443 1770 1150 1692 1688 1096 1179 1515 1090 1196 1218 1312 1814 1548 1471 1045 1876 BCNSPRNW ULIB Ver.6.0+V

เปลี่ยนเป็นภาษาไทย

Change to English
 แสดงรายละเอียดบรรณานุกรม
  กลับหน้าหลัก

Brief Record : Get Marc (ISO 2709) : E-mail record : QR code < ปิดหน้าต่าง
LEADER : 00000nam 2200000uu 4500
001    13399127401
003     ULIB
008    200519s2016||||th 000 0 tha d
020    ^a9781506256405 (pbk.)
050  4 ^aPE1128^bL887Bs
100 1  ^aLougheed, Lin,^d1946-
245 10 ^aBarron s IELTS :^bstrategies and tips /^cLin Lougheed
246 30 ^aInternational English Language Testing System strategiesand tips
246 30 ^aIELTS strategies and tips
250    ^a2nd ed.
260    ^aHauppauge, N.Y. :^bBarron s Educational Series,^c2016
300    ^av, 285 p. :^bill. ;^c28 cm. +^e1 CD-ROM
505 0  ^aIELTS listening module -- IELTS reading module -- IELTSwriting module -- IELTS speaking module.
520    ^aThis book offers test-takers a range of strategies forchoosing the best methods for answering questions, alongwith useful tips that help them make choices quickly andefficiently. Together, these tips and strategies will giveprospective test-takers a plan for success on each moduleof the exam.
650  0 ^aInternational English Language Testing System^vStudyguides
650  0 ^aEnglish language^vTextbooks for foreign speakers
650  0 ^aEnglish language^xExaminations^vStudy guides
653    ^aIELTS
945    ^p329^l0^i007072
999    ^aประนอม เกษจรัล
รายการนี้ยังไม่มีแท็ก
คุณยังไม่ได้ล็อกอิน คุณสามารถมีกิจกรรมร่วมกับเว็บไซต์ได้ แต่ต้องล็อกอินก่อน ::
  ล็อกอิน

รายการสื่อสารสนเทศ

ลำดับที่ ประเภท เลขเรียก/บาร์โค้ด สถานที่ สถานะ
1. การศึกษาทั่วไป
หนังสือสำรอง
สถานะ=หนังสือสำรอง
PE1128 L887Bs ฉ.1 
  Barcode: 007072
ห้องสมุดวิทยาเขตสวรรค์ประชารักษ์
►หนังสือทั่วไป
บนชั้น

BibComment


ยังไม่เคยถูกคอมเมนท์

คอมเมนท์ทรัพยากรรายการนี้
  คอมเมนท์: Barron s IELTS ..


 Copyright 2026. Bcnsprnw @Library